Groups of Two - Cities - Statistics

General Stats
  • This quiz has been taken 947 times
  • The average score is 29 of 40
Answer Stats
Clue City % Correct
Holiest cities in Islam Mecca
97%
Were hit by Atomic Bombs Hiroshima
94%
Home to the oldest universities in England Oxford
94%
Were hit by Atomic Bombs Nagasaki
91%
European territories handed back to China in the 1990s Hong Kong
90%
Korean capital cities Seoul
89%
Home to the oldest universities in England Cambridge
88%
Major cities of the United Arab Emirates Dubai
86%
Biggest city on each New Zealand island Auckland
85%
Capitals of Bolivia La Paz
85%
Korean capital cities Pyongyang
82%
Major cities of the United Arab Emirates Abu Dhabi
80%
Holiest cities in Islam Medina
79%
Southernmost and westernmost major cities of Africa Cape Town
78%
European territories handed back to China in the 1990s Macau
78%
National capitals of North America that start with "port" Port-au-Prince
76%
Most populous modern-day city states Singapore
76%
Capitals of Bolivia Sucre
76%
"Twin Cities" of Minnesota Minneapolis
75%
Connected to each other via the Øresund Bridge Copenhagen
73%
Biggest city on each New Zealand island Christchurch
70%
Capitals on the Río de la Plata Buenos Aires
67%
Terminal cities of the Orient Express Constantinople
67%
Rivals of the Peloponnesian War Sparta
67%
Rivals of the Peloponnesian War Athens
66%
Most populous modern-day city states Monaco
66%
Terminal cities of the Orient Express Paris
65%
U.S. state capitals that get less than 10 inches of rain per year Phoenix
65%
"Twin Cities" of Minnesota Saint Paul
65%
National capitals ending in "Ville" Brazzaville
63%
Capitals on the Río de la Plata Montevideo
63%
National capitals of North America that start with "port" Port-of-Spain
63%
Most populous cities where the majority speak Bengali Dhaka
60%
Connected to each other via the Øresund Bridge Malmö
59%
Most populous cities where the majority speak Bengali Kolkata
56%
National capitals ending in "Ville" Libreville
56%
Southernmost and westernmost major cities of Africa Dakar
54%
Major cities of Cameroon Yaoundé
49%
U.S. state capitals that get less than 10 inches of rain per year Carson City
42%
Major cities of Cameroon Douala
28%
No matching quizzes found
Score Distribution
Percent of People with Each Score
Percentile by Number Answered
Your Score History
You have not taken this quiz